000 01111cam a2200313 i 4500
001 4178186
003 ARRUPE
005 20140611145234.0
008 790410s1973 enkaf b 001 0 eng
010 _a 79302363
020 _a0582641063
040 _aDLC
_cDLC
_dDLC
043 _af-rh---
050 0 0 _aQK491.R5
_bD38
082 0 0 _a582/.1609/6891
100 1 _aDrummond, R. B.
_910846
245 1 0 _aCommon trees of the highveld /
_cR. B. Drummond and Keith Coates Palgrave ; water colour paintings by the late Olive H. Coates Palgrave ; photos. by Deric and Paul Coates Palgrave.
260 _aSalisbury :
_bLongman Rhodesia,
_c1973.
300 _a99 p., [16] leaves of plates :
_bill. (some col.) ;
_c21 cm.
500 _aIncludes indexes.
504 _aBibliography: p. 6.
650 0 _aTrees
_zZimbabwe.
_910847
650 0 _aVeld plants
_zZimbabwe.
_910848
700 1 _aCoates Palgrave, Keith,
_d1926-
_ejoint author.
_910849
700 2 _aCoates Palgrave, Olive H.,
_ejoint author.
_910850
740 0 _aHighveld.
906 _a7
_bcbc
_corignew
_d4
_encip
_f19
_gy-gencatlg
942 _2lcc
_cSPC
999 _c120713
_d120713